000 00526nam a22001817a 4500
003 MPLRDC
005 20220104114526.0
008 210129b ||||| |||| 00| 0 eng d
020 _a7-80534-071-4
082 _a820.7 LCH
100 _a第三届全国台湾与海外华文文学学术讨论会大
245 _a台湾香港与海外华文文学论文选
_c
250 _a一版一刷
260 _a
_b海峡文艺出版社
_c1988
300 _b
650 _a中国文学总论--杂文, 演讲
942 _cBK
_o820.7 LCH
999 _c8158
_d8148